000
00336 a2200157 4500
001
56482
020
_a
8520902855
040
_c
Anchieta - Pituba
100
_a
CorrĂȘa, Silvia
240
1
0
_a
Um mundo diferente
_l
por
245
1
0
_a
Um mundo diferente
300
_a
128
362
0
_a
1991
650
4
_a
Literatura juvenil
942
_c
BK
999
_c
56482
_d
56482